V Česku chybí až 300 tisíc řemeslníků - firmy je lákají na manažerské platy
Česko dlhodobo trápi nedostatok remeselníkov. Počet uchádzačov o štúdium učebných odborov naviac dlhodobo klesá. Manuálne zruční odborníci nájdu uplatnenie ľahko, naviac nadpriemerne platené.
Na minha lista:
| Formato: | Capítulo de Livro |
|---|---|
| Idioma: | tcheco |
| Assuntos: | |
| Tags: |
Sem tags, seja o primeiro a adicionar uma tag!
|
MARC
| LEADER | 00000naa a2200000 4500 | ||
|---|---|---|---|
| 001 | 0237131 | ||
| 005 | 20171107143451.0 | ||
| 041 | 0 | |a cze | |
| 044 | |a CZ | ||
| 245 | 1 | 0 | |a V Česku chybí až 300 tisíc řemeslníků - firmy je lákají na manažerské platy |
| 520 | |a Česko dlhodobo trápi nedostatok remeselníkov. Počet uchádzačov o štúdium učebných odborov naviac dlhodobo klesá. Manuálne zruční odborníci nájdu uplatnenie ľahko, naviac nadpriemerne platené. | ||
| 610 | 2 | 0 | |a firmy |
| 610 | 2 | 0 | |a remeslá |
| 610 | 2 | 0 | |a pracovníci odborní |
| 610 | 2 | 0 | |a Česko |